[Event "Jackson (Prison m/Jan)"]
[Site "?"]
[Date "1994.??.??"]
[Round "?"]
[White "Smith"]
[Black "Brotherton, D."]
[Result "1/2-1/2"]
[WhiteElo "1605"]
[BlackElo "1605"]
[PlyCount "97"]
[EventDate "1994.??.??"]

1. e4 c6 2. d4 d5 3. f3 dxe4 4. fxe4 e5 5. Nf3 Be6 6. a3 Nf6 7. Bg5 Be7 8. Bxf6
Bxf6 9. Nxe5 Bxe5 10. dxe5 Qh4+ 11. Kd2 Qxe4 12. Qe1 Qxe1+ 13. Kxe1 Nd7 14. Nd2
Nxe5 15. Be2 O-O-O 16. h3 Rd7 17. b4 Bf5 18. b5 Rhd8 19. Nf3 Nxf3+ 20. Bxf3
Re7+ 21. Kf2 Rd2+ 22. Kg3 Be4 23. Rhe1 f5 24. bxc6 bxc6 25. c4 Kd8 26. Re3 Bxf3
27. Kxf3 Rxe3+ 28. Kxe3 Rxg2 29. Rd1+ Ke7 30. Rb1 Rg3+ 31. Kf4 Rxa3 32. Kxf5
Ra5+ 33. Ke4 Kf6 34. Rf1+ Ke7 35. Rb1 Ke6 36. Rb7 Re5+ 37. Kd4 c5+ 38. Kd3 Rh5
39. Rxg7 Rxh3+ 40. Ke4 Rh4+ 41. Kd3 Rd4+ 42. Kc3 Rd7 43. Rg5 Kd6 44. Kb3 Kc6
45. Rh5 Kb6 46. Ka4 a5 47. Rh6+ Kc7 48. Kxa5 Rg7 49. Kb5 1/2-1/2

[Event "Detroit (MCO/DEU/2b/10)"]
[Site "?"]
[Date "1994.??.??"]
[Round "?"]
[White "Smeckert, Dennis"]
[Black "Witz, B."]
[Result "1-0"]
[WhiteElo "1605"]
[BlackElo "1605"]
[PlyCount "43"]
[EventDate "1994.??.??"]

1. e4 e5 2. Nf3 Nc6 3. Bb5 a6 4. Bxc6 bxc6 5. d4 Bd6 6. dxe5 Bb4+ 7. Bd2 c5 8.
O-O Bb7 9. Bxb4 cxb4 10. Re1 f6 11. Qd4 a5 12. Nbd2 d5 13. exf6 gxf6 14. exd5+
Ne7 15. Rad1 O-O 16. d6 cxd6 17. Ne4 Bxe4 18. Rxe4 d5 19. Rg4+ Kh8 20. Rd3 Qd7
21. Nd2 Rg8 22. Qxf6+ 1-0

[Event "Grand Rapids (MI Am/2/22)"]
[Site "?"]
[Date "1994.??.??"]
[Round "?"]
[White "Smeckert, Dennis"]
[Black "Smith, J."]
[Result "1-0"]
[WhiteElo "1605"]
[BlackElo "1605"]
[PlyCount "120"]
[EventDate "1994.??.??"]

{2/(22)} 1. e4 c5 2. Nc3 Nc6 3. g3 e6 4. Bg2 Nf6 5. d3 Be7 6. f4 d6 7. Nf3 Qc7
8. O-O a6 9. h3 b5 10. g4 Bb7 11. Ne2 h5 12. g5 Nh7 13. h4 g6 14. f5 gxf5 15.
exf5 d5 16. g6 fxg6 17. fxg6 Nf6 18. Ng5 Ng4 19. Nf4 Bxg5 20. hxg5 Rg8 21. Bh3
Rxg6 22. Bxg4 Rxg5 23. Ng2 Rxg4 24. Qf3 O-O-O 25. Qh3 Nd4 26. Rf2 Qe5 27. Bd2
Ne2+ 28. Kf1 d4 29. Rxe2 Bxg2+ 30. Qxg2 Rf8+ 31. Ke1 Qg3+ 32. Qxg3 Rxg3 33. Kd1
Rf1+ 34. Be1 Re3 35. Kd2 h4 36. Rd1 h3 37. Rh2 Kd7 38. Bh4 Rxd1+ 39. Kxd1 e5
40. Bf2 Rf3 41. Ke2 Rf7 42. Rxh3 a5 43. b3 Ke6 44. Rh6+ Kf5 45. Ra6 e4 46.
dxe4+ Kxe4 47. Rxa5 Rb7 48. Kd1 c4 49. Ra6 d3 50. cxd3+ Kxd3 51. Rb6 Ra7 52.
Rd6+ Kc3 53. Bxa7 cxb3 54. axb3 Kxb3 55. Rd4 b4 56. Bc5 Kc3 57. Kc1 b3 58. Rd8
Kc4 59. Ba3 Kb5 60. Rc8 Ka4 1-0

[Event "Detroit (Class C/2/5)"]
[Site "?"]
[Date "1994.??.??"]
[Round "?"]
[White "Smeckert, Dennis"]
[Black "Seegers, P."]
[Result "0-1"]
[WhiteElo "1605"]
[BlackElo "1605"]
[PlyCount "86"]
[EventDate "1994.??.??"]

{2/(5)} 1. e4 c5 2. Nc3 Nc6 3. g3 g6 4. Bg2 Bg7 5. d3 d6 6. Nge2 Nf6 7. O-O O-O
8. f4 e6 9. h3 Nd4 10. g4 Qe7 11. Ng3 Bd7 12. g5 Ne8 13. f5 exf5 14. Nd5 Qd8
15. c3 Nc6 16. exf5 Nc7 17. Nxc7 Qxc7 18. f6 Bh8 19. h4 Nd8 20. Be4 d5 21. Bf4
Qc6 22. Bg2 Ne6 23. h5 Nxf4 24. Rxf4 Qd6 25. hxg6 fxg6 26. Qf3 Be6 27. c4 Rad8
28. Rh4 Qe5 29. Nh5 Qxg5 30. Rf4 gxh5 31. Rf1 Kf7 32. Qe2 Rg8 33. cxd5 Rxd5 34.
Qe4 Rg6 35. Rf5 Qg4 36. R5f2 Qxe4 37. dxe4 Rdg5 38. Kh2 Re5 39. Re1 Bxf6 40.
Bh3 Bxh3 41. Kxh3 Ke6 42. Rfe2 Rg4 43. Rf2 Bh4 0-1

[Event "Detroit (Class C/1/8)"]
[Site "?"]
[Date "1994.??.??"]
[Round "?"]
[White "Smeckert, Dennis"]
[Black "Revnell, Joseph"]
[Result "1-0"]
[WhiteElo "1605"]
[BlackElo "1605"]
[PlyCount "134"]
[EventDate "1994.??.??"]

{1/(8)} 1. e4 d5 2. exd5 Nf6 3. Nf3 Nxd5 4. d4 e6 5. Be2 b6 6. O-O Bb7 7. a3
Nd7 8. Re1 Bd6 9. c4 N5f6 10. Nc3 c6 11. Qc2 Qc7 12. Bd3 O-O-O 13. b4 a6 14.
Be3 Ng4 15. g3 Nxe3 16. Rxe3 c5 17. bxc5 bxc5 18. d5 Ne5 19. Rb1 f5 20. Nxe5
Bxe5 21. Bxf5 Bxc3 22. Bxe6+ Kb8 23. Rxc3 Ka7 24. Rf3 Rhf8 25. Rxf8 Rxf8 26.
Qa4 Rd8 27. Rb3 Qe5 28. Re3 Qa1+ 29. Kg2 Rd6 30. Qb3 Rb6 31. Qc3 Qxc3 32. Rxc3
Rxe6 33. Kf1 Re4 34. Rd3 Kb8 35. Rc3 Rd4 36. Ke2 Bc8 37. f3 h5 38. h4 Kc7 39.
Re3 g6 40. Re7+ Kd8 41. Rg7 Bf5 42. g4 hxg4 43. fxg4 Bxg4+ 44. Ke3 Bf5 45. Ra7
Rd3+ 46. Kf4 Rxa3 47. Ke5 Re3+ 48. Kd6 Re4 49. Kxc5 Bc8 50. Rg7 Rxh4 51. Kd6
Re4 52. Rg8+ Re8 53. Rxg6 Bf5 54. Rg7 Rf8 55. Ra7 Rg8 56. c5 Rg6+ 57. Ke5 Bc8
58. d6 Rg5+ 59. Kd4 Rg4+ 60. Ke5 Rb4 61. Rg7 Bb7 62. Rg8+ Kd7 63. Rg7+ Kd8 64.
Rg8+ Kd7 65. Rg7+ Kc6 66. Rc7+ Kb5 67. Rxb7+ Kxc5 1-0

[Event "Detroit (MOR/2/34)"]
[Site "?"]
[Date "1994.??.??"]
[Round "?"]
[White "Smeckert, Dennis"]
[Black "Morrow, Chris"]
[Result "0-1"]
[WhiteElo "1605"]
[BlackElo "1775"]
[PlyCount "74"]
[EventDate "1994.??.??"]

{2/(34)} 1. e4 Nc6 2. Nc3 d6 3. g3 Nf6 4. Bg2 e5 5. d3 Bg4 6. Nce2 Be7 7. f4
Qd7 8. h3 Bxe2 9. Qxe2 g6 10. Nf3 O-O-O 11. O-O exf4 12. Bxf4 Nh5 13. Qd2 f6
14. Kh2 g5 15. Be3 Kb8 16. Ng1 Ng7 17. c4 h5 18. b4 Ne5 19. Rac1 Ng4+ 20. hxg4
hxg4+ 21. Bh3 gxh3 22. Rc3 g4 23. Ra3 b6 24. b5 Rdf8 25. Qb4 Qc8 26. Ra6 Ne6
27. a4 c5 28. Qb2 Nc7 29. Rxb6+ axb6 30. Ra1 f5 31. a5 Bf6 32. d4 Qb7 33. axb6
Qxb6 34. Qa2 cxd4 35. Bd2 d3 36. Ba5 Qb7 37. Bxc7+ Kxc7 0-1

[Event "Detroit (MCO/DEU/4/4)"]
[Site "?"]
[Date "1994.??.??"]
[Round "?"]
[White "Smeckert, Dennis"]
[Black "Miller, J."]
[Result "1-0"]
[WhiteElo "1605"]
[BlackElo "1605"]
[PlyCount "59"]
[EventDate "1994.??.??"]

{4/(4)} 1. e4 e6 2. d4 d5 3. exd5 exd5 4. Bd3 Nc6 5. c3 g6 6. Nf3 Bd6 7. Be3
Nge7 8. Nbd2 Bf5 9. Qc2 Qd7 10. O-O Bxd3 11. Qxd3 O-O-O 12. b4 h5 13. Nb3 Nb8
14. a4 h4 15. h3 f6 16. a5 a6 17. Nc5 Bxc5 18. bxc5 c6 19. c4 g5 20. Bxg5 fxg5
21. Ne5 Qe6 22. Rab1 Ng6 23. Nxg6 dxc4 24. Qc2 Rhg8 25. Qb2 Rg7 26. Ne5 Qd5 27.
Rfd1 Rc7 28. Qc3 Rg8 29. Nxc4 Qf7 30. Nd6+ 1-0

[Event "Grand Rapids (MI Am/4/14)"]
[Site "?"]
[Date "1994.??.??"]
[Round "?"]
[White "Smeckert, Dennis"]
[Black "Lubben, Don"]
[Result "0-1"]
[WhiteElo "1605"]
[BlackElo "1860"]
[PlyCount "92"]
[EventDate "1994.??.??"]

{4/(14)} 1. e4 e6 2. d4 d5 3. exd5 exd5 4. Bd3 Nc6 5. Be3 Qe7 6. Ne2 Nf6 7. c3
Ne4 8. Nd2 f5 9. Nf3 h6 10. Nf4 Qd6 11. Qb3 Ne7 12. Bxe4 fxe4 13. Ne5 b6 14.
Qd1 Bf5 15. b4 Rg8 16. Qb3 g5 17. Nh5 Ng6 18. Qxd5 Qxd5 19. Nf6+ Ke7 20. Nxd5+
Kd6 21. Nxg6 Rxg6 22. c4 Be6 23. Nc3 Bxc4 24. Kd2 Kd7 25. a3 Re8 26. Ne2 Bg7
27. Rac1 Bd3 28. Rc3 Ree6 29. Rhc1 Rc6 30. Rxc6 Rxc6 31. Rxc6 Kxc6 32. Nc1 Bf1
33. g3 Kb5 34. Kc3 a5 35. bxa5 Kxa5 36. Nb3+ Ka4 37. Nd2 Bg2 38. Nc4 Bf1 39.
Ne5 Kxa3 40. Bc1+ Ka4 41. Kd2 b5 42. Ke3 Bg2 43. Bb2 Kb3 44. Ba1 b4 45. d5 Ka2
46. Bd4 b3 0-1

[Event "Detroit (MOR/5/37)"]
[Site "?"]
[Date "1994.??.??"]
[Round "?"]
[White "Smeckert, Dennis"]
[Black "Kezele, P."]
[Result "1/2-1/2"]
[WhiteElo "1605"]
[BlackElo "1605"]
[PlyCount "61"]
[EventDate "1994.??.??"]

{5/(37)} 1. e4 c5 2. Nc3 Nc6 3. g3 Nf6 4. Bg2 e6 5. d3 d5 6. f4 d4 7. Nce2 e5
8. Nf3 Bd6 9. O-O exf4 10. Nxf4 O-O 11. h3 Ne5 12. Nxe5 Bxe5 13. Qe1 Bd7 14. b3
Qc8 15. g4 h6 16. Ba3 Re8 17. Qa5 b5 18. Qd2 a5 19. Rf2 c4 20. Raf1 b4 21. Bc1
c3 22. Qe2 a4 23. Nd5 Nxd5 24. exd5 Bh2+ 25. Kxh2 Rxe2 26. Rxe2 axb3 27. Re7
bxa2 28. Rfxf7 a1=Q 29. Rxg7+ Kf8 30. Rgf7+ Kg8 31. Rg7+ 1/2-1/2

[Event "Detroit (MCO/DEU/6/5)"]
[Site "?"]
[Date "1994.??.??"]
[Round "?"]
[White "Smeckert, Dennis"]
[Black "Juergensen, F."]
[Result "1-0"]
[WhiteElo "1605"]
[BlackElo "1605"]
[PlyCount "63"]
[EventDate "1994.??.??"]

{6/(5)} 1. e4 e6 2. d4 d5 3. exd5 exd5 4. Bd3 Nc6 5. c3 Nh6 6. Nf3 Bd6 7. Be3
Qe7 8. O-O Bg4 9. Nbd2 f6 10. Qb3 O-O-O 11. Qc2 Na5 12. Rfe1 Qf7 13. Bxh6 gxh6
14. c4 Qg7 15. Bf5+ Bxf5 16. Qxf5+ Kb8 17. c5 Rhg8 18. g3 Be7 19. b4 Nc4 20.
Nxc4 dxc4 21. Rac1 Qf7 22. Qc2 Qd5 23. Rxe7 Qxf3 24. Qxc4 Qd5 25. Qxd5 Rxd5 26.
Rce1 Rgd8 27. Rxh7 Rxd4 28. Ree7 R4d7 29. Rxd7 Kc8 30. Rxc7+ Kb8 31. Rxb7+ Ka8
32. Rxa7+ 1-0

[Event "Detroit (MCO/DEU/1a/5)"]
[Site "?"]
[Date "1994.??.??"]
[Round "?"]
[White "Smeckert, Dennis"]
[Black "Hudy, M."]
[Result "0-1"]
[WhiteElo "1605"]
[BlackElo "1605"]
[PlyCount "92"]
[EventDate "1994.??.??"]

1. e4 e5 2. Nf3 Nc6 3. Bb5 Bc5 4. O-O Nf6 5. d3 O-O 6. b3 d6 7. Bxc6 bxc6 8.
Nbd2 Re8 9. Bb2 Bg4 10. h3 Bc8 11. Qe2 Nh5 12. Ne1 Ng3 13. Qf3 Nxf1 14. Nxf1
Qf6 15. a4 Qxf3 16. Nxf3 a6 17. N1d2 f5 18. exf5 Bxf5 19. Nc4 Bd7 20. Re1 Re6
21. Ng5 Rg6 22. Ne4 Ba7 23. Ng3 Rxg3 24. d4 Rg6 25. dxe5 Rf8 26. Ne3 Bxe3 27.
Rxe3 dxe5 28. a5 Re8 29. Rd3 Rd6 30. Re3 Rd2 31. Rxe5 Rxe5 32. Bxe5 Rxc2 33.
Bxc7 Rb2 34. h4 Rxb3 35. g3 Kf7 36. Bb6 Ke6 37. Kf1 Kd5 38. Ke2 c5 39. Bd8 c4
40. Kd2 Rd3+ 41. Kc1 Ba4 42. Be7 c3 43. h5 c2 44. Bg5 Kc4 45. Kb2 Rb3+ 46. Kxc2
Rxg3+ 0-1

[Event "Eastpointe (US Am N/5/40)"]
[Site "?"]
[Date "1994.??.??"]
[Round "?"]
[White "Smeckert, Dennis"]
[Black "Fleshman, Justin"]
[Result "1-0"]
[WhiteElo "1605"]
[BlackElo "1605"]
[PlyCount "105"]
[EventDate "1994.??.??"]

{5/(40)} 1. e4 e5 2. Nf3 Nc6 3. Bb5 Nge7 4. c3 g6 5. d3 Bg7 6. O-O O-O 7. Be3
a6 8. Ba4 d6 9. Nbd2 b5 10. Bc2 h6 11. Re1 d5 12. Nf1 d4 13. Bd2 f5 14. Qe2
fxe4 15. dxe4 Bg4 16. Rad1 Qd7 17. Bc1 Bxf3 18. gxf3 Rf7 19. Bb3 Raf8 20. Bxf7+
Rxf7 21. Rd3 Qe6 22. a3 Nc8 23. Ng3 a5 24. Rdd1 b4 25. axb4 axb4 26. cxb4 Nxb4
27. b3 Qxb3 28. Kg2 Nd6 29. Bd2 c5 30. Rb1 Qa4 31. Rec1 Nc2 32. Rb8+ Ne8 33.
Qd3 Nb4 34. Bxb4 cxb4 35. Rcc8 Rf8 36. Qc4+ Kh8 37. Qe6 d3 38. Rxe8 Rxe8 39.
Rxe8+ Qxe8 40. Qxe8+ Kh7 41. Qa4 Bf8 42. Qb3 d2 43. Kf1 h5 44. Ke2 Bc5 45. Kd1
Bxf2 46. Nf1 Kg7 47. Nxd2 Kf6 48. Qxb4 g5 49. Qf8+ Ke6 50. Nc4 g4 51. Qd6+ Kf7
52. Nxe5+ Kg7 53. Qg6+ 1-0

[Event "Detroit (MOR/1a/29)"]
[Site "?"]
[Date "1994.??.??"]
[Round "?"]
[White "Smalec, Joseph"]
[Black "Walquist, Elaine"]
[Result "0-1"]
[WhiteElo "1605"]
[BlackElo "1605"]
[PlyCount "50"]
[EventDate "1994.??.??"]

1. e4 c6 2. Nc3 d5 3. exd5 cxd5 4. Bb5+ Bd7 5. Bxd7+ Qxd7 6. d4 Nc6 7. Nge2 Nf6
8. Bg5 h6 9. Bxf6 exf6 10. O-O Bb4 11. Qe1 O-O 12. Nf4 Rfe8 13. Qd2 Re4 14.
Nfxd5 Qxd5 15. Nxd5 Bxd2 16. Nc7 Rd8 17. c3 a6 18. Rad1 Bf4 19. d5 Na5 20. d6
Nc4 21. Nd5 Rxd6 22. b3 Nb2 23. Rb1 Rxd5 24. Rxb2 Rd2 25. f3 Ree2 0-1

[Event "Ann Arbor (HVA/2/7)"]
[Site "?"]
[Date "1994.??.??"]
[Round "?"]
[White "Smalec, Joseph"]
[Black "Van Stavoren, J."]
[Result "1/2-1/2"]
[WhiteElo "1605"]
[BlackElo "1605"]
[PlyCount "141"]
[EventDate "1994.??.??"]

{2/(7)} 1. Nf3 d5 2. d4 Nf6 3. e3 Bg4 4. Be2 g6 5. O-O Bg7 6. Nc3 O-O 7. b3
Nbd7 8. Ne5 Bxe2 9. Qxe2 Nxe5 10. dxe5 Nd7 11. Nxd5 Nxe5 12. Nc3 c6 13. Bb2 Nd7
14. Rab1 Qa5 15. Ne4 Qxa2 16. Bxg7 Kxg7 17. Qc4 Nb6 18. Qc3+ f6 19. Ra1 Nd5 20.
Rxa2 Nxc3 21. Nxc3 Rfd8 22. Raa1 Rd2 23. Rfd1 Rxc2 24. Ne4 b5 25. Rd7 Kf7 26.
Nd6+ Kf8 27. Nb7 Rb2 28. Nc5 a5 29. h3 Ke8 30. Rc7 a4 31. bxa4 bxa4 32. Rxa4
Rxa4 33. Nxa4 Rc2 34. Nb6 h5 35. Kf1 Rc1+ 36. Ke2 Rc2+ 37. Kd3 Rxf2 38. Rxc6
Rxg2 39. Rc8+ Kf7 40. Nd5 Rg3 41. Rc7 f5 42. Rxe7+ Kf8 43. Ke2 Rxh3 44. Re6 Rg3
45. e4 h4 46. exf5 gxf5 47. Rh6 Rg4 48. Ne3 Re4 49. Kf3 Kg7 50. Nxf5+ Kf8 51.
Kxe4 h3 52. Ke5 h2 53. Rxh2 Ke8 54. Rh7 Kd8 55. Ke6 Kc8 56. Nd6+ Kb8 57. Rb7+
Ka8 58. Rb3 Ka7 59. Kd5 Ka6 60. Kc6 Ka5 61. Nc4+ Ka4 62. Rd3 Kb4 63. Rd4 Kc3
64. Kd5 Kc2 65. Ne3+ Kc3 66. Rc4+ Kd2 67. Ke4 Ke1 68. Ng2+ Kf1 69. Kf3 Kg1 70.
Rc1+ Kh2 71. Nf4 1/2-1/2

[Event "Ann Arbor (MLS Oct-Nov)"]
[Site "?"]
[Date "1994.??.??"]
[Round "?"]
[White "Smalec, Joseph"]
[Black "Smalec, John"]
[Result "0-1"]
[WhiteElo "1605"]
[BlackElo "1700"]
[PlyCount "52"]
[EventDate "1994.??.??"]

1. e4 e6 2. d4 d5 3. e5 c5 4. Be3 Nc6 5. Nc3 cxd4 6. Bxd4 Nge7 7. Nge2 Ng6 8.
Ng3 Ngxe5 9. Bxe5 Nxe5 10. Bb5+ Bd7 11. O-O Bb4 12. Re1 Bxc3 13. bxc3 Bxb5 14.
Rxe5 O-O 15. Qg4 Qc7 16. Rg5 Qxc3 17. Rxg7+ Qxg7 18. Qxg7+ Kxg7 19. Rb1 Bc4 20.
Rxb7 Rfb8 21. Nh5+ Kg6 22. Nf4+ Kg5 23. Nh3+ Kf6 24. Rxb8 Rxb8 25. g4 Rb1+ 26.
Kg2 Bf1+ 0-1

[Event "Grand Rapids (MI Am/1/28)"]
[Site "?"]
[Date "1994.??.??"]
[Round "?"]
[White "Smalec, Joseph"]
[Black "Scioly, Tony"]
[Result "0-1"]
[WhiteElo "1605"]
[BlackElo "1605"]
[PlyCount "38"]
[EventDate "1994.??.??"]

{1/(28)} 1. e4 e5 2. Bc4 Nf6 3. d3 Nc6 4. Bd5 Bc5 5. Bxc6 bxc6 6. Bg5 O-O 7.
Qf3 Rb8 8. Bh6 gxh6 9. Qg3+ Kh8 10. Nf3 d6 11. Nh4 Rg8 12. Qh3 Bxh3 13. gxh3
Nh5 14. Nf5 Qg5 15. Nc3 Rxb2 16. Kf1 Qg2+ 17. Ke1 Qxf2+ 18. Kd1 Rxc2 19. Nxh6
Qd2# 0-1

[Event "Detroit (MOR/5/69)"]
[Site "?"]
[Date "1994.??.??"]
[Round "?"]
[White "Smalec, Joseph"]
[Black "Paul, Dennis"]
[Result "0-1"]
[WhiteElo "1605"]
[BlackElo "1605"]
[PlyCount "42"]
[EventDate "1994.??.??"]

{5/(69)} 1. e4 e5 2. Bc4 Nf6 3. Nf3 Nc6 4. Nh4 Bc5 5. O-O Nxe4 6. Qf3 O-O 7.
Nf5 Ng5 8. Qg4 d5 9. d3 Ne6 10. Bh6 Qf6 11. Bxd5 Ncd4 12. c3 Nxf5 13. Bxe6 Bxe6
14. Bg5 Qg6 15. Nd2 h6 16. Nc4 hxg5 17. Nxe5 Qh6 18. d4 Bd6 19. Rae1 Nh4 20.
Qe4 c6 21. Qg4 Bxg4 0-1

[Event "Ann Arbor (HVA/5/7)"]
[Site "?"]
[Date "1994.??.??"]
[Round "?"]
[White "Smalec, Joseph"]
[Black "Kane, Paul"]
[Result "0-1"]
[WhiteElo "1605"]
[BlackElo "1605"]
[PlyCount "82"]
[EventDate "1994.??.??"]

{5/(7)} 1. e4 c5 2. Nc3 Nc6 3. Bc4 e6 4. Nf3 d6 5. d4 cxd4 6. Nxd4 a6 7. O-O
Nf6 8. Nxc6 bxc6 9. Bf4 Bb7 10. e5 dxe5 11. Qxd8+ Rxd8 12. Bxe5 Nd7 13. Bc7 Rc8
14. Ba5 Be7 15. Rad1 Nf6 16. Rd2 O-O 17. Rfd1 Nd5 18. Bxd5 cxd5 19. Rd3 Rc6 20.
h3 Rfc8 21. Ne2 Rxc2 22. Nd4 Rxb2 23. Rc3 Rxc3 24. Bxc3 Rxa2 25. Rc1 h6 26. h4
Bxh4 27. Be1 Bf6 28. Nf3 Rb2 29. Rc7 e5 30. Kf1 e4 31. Nh2 d4 32. Ng4 d3 33.
Ne3 a5 34. Rc1 Ba6 35. Kg1 d2 36. Bxd2 Rxd2 37. Rc6 Be2 38. Rc8+ Kh7 39. Rc7
Bh5 40. f3 exf3 41. gxf3 Bd4 0-1

[Event "Gaylord (NMO/1/14)"]
[Site "?"]
[Date "1994.??.??"]
[Round "?"]
[White "Smalec, Joseph"]
[Black "Iyer, Krishnan"]
[Result "0-1"]
[WhiteElo "1605"]
[BlackElo "1605"]
[PlyCount "64"]
[EventDate "1994.??.??"]

{1/(14)} 1. e4 c5 2. Nc3 Nc6 3. Nf3 Nf6 4. e5 Ng4 5. Ng5 Ngxe5 6. Qe2 f6 7. Nf3
Nd4 8. Nxd4 cxd4 9. Ne4 Nc6 10. Qh5+ g6 11. Qh4 d5 12. Nc5 Qd6 13. Nd3 e5 14.
Be2 Bf5 15. O-O O-O-O 16. b3 Kb8 17. b4 Bxd3 18. Bxd3 f5 19. b5 Be7 20. Qh6 Na5
21. Rb1 Qb6 22. Qg7 Bf6 23. Qf7 Qd6 24. Be2 Rdf8 25. Ba3 Qxa3 26. Qxd5 b6 27.
Bf3 e4 28. Be2 Rd8 29. Qe6 Qd6 30. Bc4 Rhe8 31. Qxd6+ Rxd6 32. Be2 Rc8 0-1

[Event "Grand Rapids (MI Am/5/30)"]
[Site "?"]
[Date "1994.??.??"]
[Round "?"]
[White "Smalec, Joseph"]
[Black "Guenther, B."]
[Result "0-1"]
[WhiteElo "1605"]
[BlackElo "1605"]
[PlyCount "62"]
[EventDate "1994.??.??"]

{5/(30)} 1. e4 c5 2. Nc3 Nc6 3. Bc4 Nf6 4. Nd5 e6 5. Ne3 Nxe4 6. Qf3 d5 7. Bd3
Ne5 8. Qe2 Nf6 9. Bb5+ Bd7 10. Bxd7+ Qxd7 11. Nf3 Nxf3+ 12. Qxf3 Bd6 13. Ng4
Nxg4 14. Qxg4 f5 15. Qh5+ g6 16. Qg5 Be7 17. Qe3 O-O-O 18. O-O d4 19. Qd3 c4
20. Qxc4+ Qc6 21. Qxc6+ bxc6 22. b3 e5 23. Re1 Bf6 24. Ba3 e4 25. d3 Rhe8 26.
dxe4 d3 27. Rad1 d2 28. Bb4 dxe1=Q+ 29. Rxe1 Rxe4 30. Rxe4 fxe4 31. Bc5 Rd1#
0-1

[Event "Detroit (MOR/3/64)"]
[Site "?"]
[Date "1994.??.??"]
[Round "?"]
[White "Smalec, Joseph"]
[Black "Anderson, JE."]
[Result "0-1"]
[WhiteElo "1605"]
[BlackElo "1605"]
[PlyCount "38"]
[EventDate "1994.??.??"]

{3/(64)} 1. e4 c5 2. Nc3 d6 3. Qe2 Nc6 4. Nf3 Nf6 5. Nd5 Nxd5 6. exd5 Nb4 7.
Ng5 Nxc2+ 8. Kd1 Nxa1 9. Qf3 f6 10. Bb5+ Bd7 11. Bxd7+ Qxd7 12. Ne4 O-O-O 13.
Qa3 Qg4+ 14. f3 Qxg2 15. Re1 Kb8 16. Nc3 Qxf3+ 17. Re2 Re8 18. Qa4 Qh5 19. Nb5
a6 0-1

[Event "Gaylord (NMO/1/11)"]
[Site "?"]
[Date "1994.??.??"]
[Round "?"]
[White "Smalec, John"]
[Black "Yahkind, Andrew"]
[Result "1-0"]
[WhiteElo "1700"]
[BlackElo "1605"]
[PlyCount "33"]
[EventDate "1994.??.??"]

{1/(11)} 1. e4 e5 2. Bc4 Be7 3. Qh5 g6 4. Qxe5 Nf6 5. Nc3 Nc6 6. Qf4 O-O 7. Nf3
b6 8. d4 d6 9. Bd2 Re8 10. Ng5 Rf8 11. Nxf7 Rxf7 12. Bxf7+ Kxf7 13. e5 g5 14.
Qxg5 Ne4 15. Qh5+ Ke6 16. d5+ Kd7 17. e6# 1-0

[Event "Detroit (Class B/5/5)"]
[Site "?"]
[Date "1994.??.??"]
[Round "?"]
[White "Smalec, John"]
[Black "Tracz, J."]
[Result "1/2-1/2"]
[WhiteElo "1740"]
[BlackElo "1710"]
[PlyCount "100"]
[EventDate "1994.??.??"]

{5/(5)} 1. e4 d5 2. exd5 Nf6 3. d4 Nxd5 4. Nf3 g6 5. Bc4 Bg7 6. O-O Nc6 7. h3
O-O 8. c3 Bf5 9. Re1 Qd6 10. Bg5 Rfe8 11. Nbd2 e5 12. dxe5 Nxe5 13. Nxe5 Rxe5
14. Nf3 Rxe1+ 15. Qxe1 Qc6 16. Bxd5 Qxd5 17. Rd1 Qb5 18. Qe7 h6 19. Bf6 Re8 20.
Rd8 Rxd8 21. Qxd8+ Kh7 22. Qe7 Qb6 23. Bxg7 Kxg7 24. Qe5+ Kg8 25. b3 Qc6 26.
Qe3 a6 27. Qxh6 Qxc3 28. Qf4 Qa1+ 29. Kh2 Qxa2 30. Nd4 Qa5 31. h4 Qc5 32. h5
Qd6 33. Kg3 Qxf4+ 34. Kxf4 Bd3 35. g4 c5 36. Nf3 Bc2 37. Nd2 b5 38. Ke5 a5 39.
Kd5 a4 40. bxa4 bxa4 41. Nc4 Bb3 42. Kxc5 Bxc4 43. Kxc4 a3 44. Kb3 a2 45. Kxa2
gxh5 46. gxh5 Kg7 47. Kb3 Kh6 48. Kc4 Kxh5 49. Kd4 Kg5 50. Ke4 f5+ 1/2-1/2

[Event "Ann Arbor (MLS Oct-Nov)"]
[Site "?"]
[Date "1994.??.??"]
[Round "?"]
[White "Smalec, John"]
[Black "Santiago, Reynaldo"]
[Result "0-1"]
[WhiteElo "1700"]
[BlackElo "1995"]
[PlyCount "110"]
[EventDate "1994.??.??"]

1. e4 c5 2. Nf3 d6 3. d4 cxd4 4. Nxd4 Nf6 5. Nc3 a6 6. f4 Qc7 7. Qf3 Nc6 8. Be3
g6 9. h3 Bg7 10. g4 Nxg4 11. Nd5 Qa5+ 12. b4 Nxb4 13. Bd2 Bxd4 14. Bxb4 Qa4 15.
c3 Bf2+ 16. Kd2 Be3+ 17. Ke1 Bf2+ 18. Kd2 Ne3 19. Nxe3 Bxe3+ 20. Qxe3 a5 21.
Qd4 O-O 22. Bxd6 Qxd4+ 23. cxd4 exd6 24. Rc1 Rd8 25. h4 Bg4 26. Rc7 Bf3 27. Rg1
Bxe4 28. Bc4 d5 29. Bb5 Rdc8 30. Rgc1 Rxc7 31. Rxc7 Rb8 32. a4 Kg7 33. Ke3 Kf6
34. Kf2 Bf5 35. Rc5 Be6 36. Kf3 Rc8 37. Bd3 Rxc5 38. dxc5 Bd7 39. Bc2 h6 40.
Ke3 Bc6 41. Kd4 Ke6 42. Ke3 f6 43. Kf3 g5 44. fxg5 fxg5 45. hxg5 hxg5 46. Kg4
Kf6 47. Bd1 d4 48. Bc2 d3 49. Bd1 Bd5 50. Kg3 Kf5 51. Bh5 d2 52. Kh3 Ke4 53.
Kg4 Ke3 54. Kxg5 Bf3 55. Bg6 d1=Q 0-1

[Event "Grand Rapids (MI Am/2/3)"]
[Site "?"]
[Date "1994.??.??"]
[Round "?"]
[White "Smalec, John"]
[Black "Rydberg, S."]
[Result "0-1"]
[WhiteElo "1700"]
[BlackElo "1920"]
[PlyCount "78"]
[EventDate "1994.??.??"]

{2/(3)} 1. e4 c5 2. Nf3 Nc6 3. d4 cxd4 4. Nxd4 Nf6 5. Nc3 d6 6. Bc4 e6 7. Bb3
Be7 8. Be3 a6 9. O-O O-O 10. f4 Qc7 11. Qf3 Na5 12. g4 Nxb3 13. axb3 b6 14. g5
Nd7 15. Qh5 Bb7 16. Rf3 Rfc8 17. Rh3 Nf8 18. Rf1 b5 19. f5 e5 20. f6 exd4 21.
fxg7 Bxg5 22. gxf8=Q+ Kxf8 23. Bxd4 h6 24. Rhf3 f6 25. h4 Qg7 26. hxg5 Qxg5+
27. Qxg5 hxg5 28. Rxf6+ Ke7 29. Rf7+ Ke8 30. Rxb7 Rab8 31. Rbf7 b4 32. Rf8+ Kd7
33. R1f7+ Ke6 34. Rf6+ Kd7 35. R8f7+ Kc6 36. Nd5 Kb5 37. Rf2 a5 38. R7f6 Kc6
39. Ne3 Kd7 $138 0-1

[Event "Detroit (Class B/1/8)"]
[Site "?"]
[Date "1994.??.??"]
[Round "?"]
[White "Smalec, John"]
[Black "Randel, D."]
[Result "1-0"]
[WhiteElo "1740"]
[BlackElo "1660"]
[PlyCount "81"]
[EventDate "1994.??.??"]

{1/(8)} 1. e4 c5 2. Nf3 Nc6 3. d4 cxd4 4. Nxd4 g6 5. c4 Nf6 6. Nc3 d6 7. Be3
Ng4 8. Nxc6 bxc6 9. Bxa7 Bg7 10. Bd4 e5 11. Be3 Nxe3 12. fxe3 O-O 13. Be2 f5
14. O-O Be6 15. exf5 gxf5 16. Qd2 Qc7 17. Rad1 Rad8 18. Rf3 Kh8 19. Rg3 Qf7 20.
b3 d5 21. cxd5 cxd5 22. Nb5 Bh6 23. Qc3 Bg7 24. Rc1 Rd7 25. Qc6 Rfd8 26. a4 d4
27. exd4 exd4 28. Bd3 Bxb3 29. a5 Bd5 30. Qb6 Be5 31. Rg5 Rg8 32. Rxg8+ Qxg8
33. Rc2 Rg7 34. Bf1 Rg6 35. Qa7 d3 36. Rd2 Bf4 37. Qd4+ Rg7 38. Qxf4 Be4 39.
Nd6 Ba8 40. Qe5 Bc6 41. Nxf5 1-0

[Event "Grand Rapids (MI Am/5/8)"]
[Site "?"]
[Date "1994.??.??"]
[Round "?"]
[White "Smalec, John"]
[Black "Lubben, Don"]
[Result "0-1"]
[WhiteElo "1700"]
[BlackElo "1860"]
[PlyCount "62"]
[EventDate "1994.??.??"]

{5/(8)} 1. e4 e6 2. d4 d5 3. e5 c5 4. c3 Nc6 5. Nf3 Qb6 6. a3 Bd7 7. Be2 cxd4
8. cxd4 Nge7 9. O-O Nf5 10. b4 Nfxd4 11. Bb2 Nxe2+ 12. Qxe2 Be7 13. Rd1 O-O 14.
Nc3 Rfc8 15. Kh1 a6 16. g4 Na7 17. Nd4 Rc4 18. Ne4 Rac8 19. Nd6 Bxd6 20. exd6
Qxd6 21. Qf3 Nb5 22. Nxb5 Bxb5 23. g5 Rh4 24. Qg2 Rcc4 25. Rac1 Bc6 26. Rxc4
Rxc4 27. Kg1 Qf4 28. f3 Qe3+ 29. Kh1 d4 30. Rf1 d3 31. Qg3 Qf4 0-1

[Event "Gaylord (NMO/3/5)"]
[Site "?"]
[Date "1994.??.??"]
[Round "?"]
[White "Smalec, John"]
[Black "Johnston, R."]
[Result "1-0"]
[WhiteElo "1700"]
[BlackElo "1730"]
[PlyCount "91"]
[EventDate "1994.??.??"]

{3/(5)} 1. e4 c5 2. Nf3 d6 3. Bb5+ Bd7 4. Bxd7+ Nxd7 5. O-O Ngf6 6. Re1 g6 7.
c3 Bg7 8. d4 O-O 9. e5 Ne8 10. e6 fxe6 11. Rxe6 Nc7 12. Re1 Kh8 13. Bg5 Rf7 14.
Qb3 Qf8 15. Qxb7 Qb8 16. Qxb8+ Rxb8 17. Nbd2 cxd4 18. cxd4 e5 19. Rac1 Ne8 20.
dxe5 Nxe5 21. Nxe5 Bxe5 22. b3 Rc7 23. Rxc7 Nxc7 24. Nc4 Re8 25. Nxe5 dxe5 26.
Rxe5 Kg7 27. Rxe8 Nxe8 28. Be3 a6 29. Kf1 Kf6 30. Ke2 Nd6 31. Kd3 Nf5 32. g3 g5
33. b4 h5 34. a4 g4 35. b5 axb5 36. axb5 Nd6 37. b6 Kf5 38. Kd4 Nb7 39. Kd5 Nd8
40. Bf4 h4 41. Kd6 Nb7+ 42. Kc6 Na5+ 43. Kb5 Nb7 44. Ka6 hxg3 45. hxg3 Nc5+ 46.
Ka7 1-0